000 01445nam a2200337 i 4500
003 EG-GICUC
005 20260121101442.0
008 251208s2017 ua ||||fr|||| 00| 0 ara d
040 _a EG-GICUC
_bara
_c EG-GICUC
_d EG-GICUC
_erda
041 0 _aara
082 0 4 _221
_a343.46
_bأ ح ,ج
092 0 4 _221
099 _aLaw1 343.46 أ ح ,ج 1 ed 2017
100 0 _aأحمد عبد اللاه المراغي
_eمؤلف.
245 1 2 _aالجريمة الإلكترونية ودور القانون الجنائي في الحد منها :
_bدراسة تحليلية تأصيلية مقارنة /
_h .الدكتور أحمد عبد اللاه المراغي
250 _aالطبعة الأولي
264 1 _aالقاهرة :
_bالمركز القومي للإصدرارت القانونية
_c2017 .
300 _a193 صفحة
_bإيضاحيات، صور، مثيليات ؛
_c24 سم
336 _2rda content
_atext
337 _2rda media
_aComputer
338 _2rda carrier
_aOnline Resource
504 _a. 240-220 ببليوجرافيا: صفحات.
546 _aالنص باللغة العربية
650 1 4 _aالتشريعات المتعلقة بتقنية المعلومات
_2qrmak
650 1 4 _aالجريمة االإكترونية
650 1 4 _aالقانون الجنائي
651 1 _2qrmak
856 4 0 _uhttps://fll.law.cu.edu.eg/fulltext/bks/B10-06737.pdf
905 _a70
942 _2ddc
_cBK
_e21
_n0
999 _c49149
_d49149